000 00672nam a22002057a 4500
005 20180427160208.0
010 _aENG-122826
020 _a9789386250964
_c595.00
035 _aEN-106358
037 _bDBAD/PUB.
082 _a343.54055
100 _aGarg, Rakesh
245 _aMigration to GST :
_cby Rakesh garg [and] Sandeep garg
_benrolment, transition and safeguards /
250 _a2nd edn.
260 _aNew Delhi
_bBloomsbury
_c2017
270 _a2nd Floor, Building No.4, DDA Complex LSC, Pocket-C-6&&, Vasant Kunj,
_bNew Delhi
_e110070
300 v _axix, 219p.
_c22cm(pbk)
700 _aGarg, Sandeep
942 _2ddc
_cEN
_mGAR
_h343.54055
999 _c151800
_d151800